Meditaciones del Quijote : (Record no. 112405)

MARC details
000 -LEADER
campo de control de longitud fija 00646nam a2200205 i 4500
001 - NÚMERO DE CONTROL
campo de control 112405
003 - IDENTIFICADOR DE NÚMERO DE CONTROL
campo de control ES-MaACL
005 - FECHA Y HORA DE LA ÚLTIMA TRANSACCIÓN
campo de control 20240219223314.0
007 - CAMPO FIJO DE DESCRIPCIÓN FÍSICA--INFORMACIÓN GENERAL
campo de control de longitud fija t|
008 - DATOS DE LONGITUD FIJA--INFORMACIÓN GENERAL
campo de control de longitud fija 061121s1922 sp r ||||1| spa d
080 ## - NÚMERO DE LA CLASIFICACIÓN DECIMAL UNIVERSAL
Número de la Clasificación Decimal Universal 821.134.2-4"19
100 1# - ENTRADA PRINCIPAL--NOMBRE DE PERSONA
Nombre de persona Ortega y Gasset, José,
Fechas asociadas al nombre 1883-1955
9 (RLIN) 87503
245 10 - MENCIÓN DEL TÍTULO
Título Meditaciones del Quijote :
Resto del título meditación preliminar, meditación primera /
Mención de responsabilidad, etc. José Ortega y Gasset.
250 ## - MENCION DE EDICION
Mención de edición 3ª ed.
260 ## - PUBLICACIÓN, DISTRIBUCIÓN, ETC.
Lugar de publicación, distribución, etc. Madrid :
Nombre del editor, distribuidor, etc. Espasa Calpe,
Fecha de publicación, distribución, etc. 1922.
300 ## - DESCRIPCIÓN FÍSICA
Extensión 194 p. ;
Dimensiones 19 cm.
600 14 - PUNTO DE ACCESO ADICIONAL DE MATERIA--NOMBRE DE PERSONA
Nombre de persona Cervantes Saavedra, Miguel de,
Fechas asociadas al nombre 1547-1616-
Subdivisión general Filosofía
9 (RLIN) 171973
852 ## - LOCALIZACIÓN
Ubicación ES-MaACL
Número de control de estantería B-3285
Holdings
Estatus retirado Estado de pérdida Estado de daño No para préstamo Biblioteca de origen Biblioteca actual Ubicación en estantería Fecha de adquisición Fuente de adquisición Total de préstamos Signatura topográfica completa Código de barras Visto por última vez Precio de reemplazo Tipo de ítem Koha
        Biblioteca del Ateneo de Madrid Biblioteca del Ateneo de Madrid Sala Pardo Bazán 17/01/2008     B-3285 1117253 23/02/2023 23/02/2023 Libro impreso